Представление документа в формате RUSMARC

ПолеНазваниеЗначение
  Тип записи a
  Библиографический уровень m
001 Контрольный номер UONB/MAIN/435974fee2ad4601b814bea9dcb7edb2
005 Дата корректировки 20240131005937.7
010 Индекс ISBN __
a ISBN 5-11-000375-0
b Уточнения в пер.
d Цена 2 р. 30 к.
9 Тираж 1000 экз.
100 Данные общей обработки __
a Данные общей обработки 20230503d1988 m y0rusy0189## ca
101 Язык документа 0_
a Язык текста rus
102 Страна публикации __
a Страна публикации UA
105 Кодированные данные (монография) __
a Кодированные данные (монография) y z 001yy
200 Заглавие и сведения об ответственности 1_
a Заглавие Социальная лингвистика и общественная практика
e Сведения, относящиеся к заглавию аспекты социокультур. варьирования полиэтничного англ. яз.
f Первые сведения об ответственности Ю.А. Жлуктенко, Ю.А. Зацный, А.Д. Швейцер [и др.]
g Последующие сведения об ответственности под ред. О.Е. Семенца
210 Выходные данные 1_
a Место издания Киев
c Издательство Выща шк. Изд-во при Киев. гос. ун-те
d Дата издания 1988
215 Физическое описание __
a Объем 165, [2] с.
d Формат 22 см
320 Библиография __
a Библиография Библиогр.: с. 159-166
606 Тематические рубрики 0_
a Основная рубрика Английский язык
606 Тематические рубрики 0_
a Основная рубрика Социолингвистика
610 Ключевые слова 0_
a Ключевые слова английский язык; социолингвистика; языкознание; языковая социализация; изучение языков
675 Индекс УДК __
a Индекс УДК 4И(Англ)
686 Индексы других классификаций __
a Классификационный индекс 81.431
2 Код системы rubbk
701 Альтернативная интеллектуальная ответственность _1
a Фамилия Жлуктенко
b Имя (инициалы) Ю.А.
4 Код отношения 070
701 Альтернативная интеллектуальная ответственность _1
a Фамилия Зацный
b Имя (инициалы) Ю.А.
4 Код отношения 070
701 Альтернативная интеллектуальная ответственность _1
a Фамилия Швейцер
b Имя (инициалы) А.Д.
4 Код отношения 070
701 Альтернативная интеллектуальная ответственность _1
a Фамилия Швейцер
b Имя (инициалы) А.Д.
4 Код отношения 070
702 Вторичная интеллектуальная ответственность _1
a Фамилия Семенец
b Имя (инициалы) О.Е.
g Полное личное имя Олег Евгеньевич
4 Код отношения 340
801 Источник записи _0
a Страна RU
b Организация Ульяновская ОНБ
c Дата составления 20230503
g Правила каталогизации RCR
801 Источник записи _1
a Страна RU
b Организация Ульяновская ОНБ
c Дата составления 20230503
g Правила каталогизации RCR
901 Тип документа __
t Тип документа m
909 Создатель записи __
a Создатель записи Седова
b Дата создания записи 20230503